000 00695nam a22002057a 4500
999 _c12353
_d12353
003 AR-CdUCM
008 190408b ||||| |||| 00| 0 spa d
040 _aMUNICIPALIDAD PROVINCIAL DEL CUSCO
_cBIBLIOTECA MUNICIPAL DEL CUSCO
082 _a611 /
_bS77
100 _aSproul, Edith E.
_930174
245 _aAsí es el cuerpo humano /
260 _aNueva York :
300 _a232 páginas ;
_c19 cm.
505 _a Contenido : Consideraciones Generales -- Sistema cardiovascular -- Sangre y linfa -- Aparato respiratorio -- Aparato digestivo -- El hígado ...
650 _aCuerpo humano
_918643
650 _aHombre
_9838
650 _aCiencia
_92098
942 _2ddc
_cLIBROS
945 _arah